| 000 | 00493nam a2200193Ia 4500 | ||
|---|---|---|---|
| 003 | GCL | ||
| 008 | 140319s9999 xx 000 0 eng d | ||
| 040 |
_aGCL / _cGCL |
||
| 082 | 0 | 4 |
_a306.775 _bL D |
| 100 | 1 | _aLEVER, MAURICE | |
| 245 | 1 | 0 |
_aDONATIEN ALPHONSE FRANCOIS MARQUIS DE SADE / _cLEVER, MAURICE |
| 260 |
_a[S.N] : _bFAYARD ، _c1991 |
||
| 300 | _a912 P | ||
| 650 | 0 | 4 | _aSOCIOLOGY |
| 650 | 0 | 4 | _aSADISM |
| 650 | 0 | 4 | _aSADE, DONATIEN ALPHONSE |
| 650 | 0 | 4 | _aFRANCOIS |
| 942 |
_2ddc _cBK |
||
| 999 |
_c24464 _d24464 |
||